[Event "FIN-chT 0809"]
[Site "Finland"]
[Date "2009.03.14"]
[Round "8.2"]
[White "Martynov, Alexey"]
[Black "Dokutchaev, Aleksander"]
[Result "1/2-1/2"]
[WhiteElo "2326"]
[BlackElo "2404"]
[PlyCount "44"]
[EventDate "2008.09.06"]
[EventType "team-tourn"]
[EventRounds "9"]
[EventCountry "FIN"]
[SourceTitle "EXT 2022"]
[Source "ChessBase"]
[SourceDate "2021.10.06"]
[SourceVersion "1"]
[SourceVersionDate "2021.10.06"]
[SourceQuality "1"]
[WhiteTeam "Vammala SK"]
[BlackTeam "Joensuu SK"]
[WhiteTeamCountry "FIN"]
[BlackTeamCountry "FIN"]

1. e4 e5 2. Nf3 Nc6 3. Bb5 a6 4. Ba4 d6 5. Bxc6+ bxc6 6. d4 f6 7. Nc3 g6 8. Qd3 Be6 9. h4 h6 10. Be3 Ne7 11. h5 g5 12. 0-0-0 Bg7 13. Na4 0-0 14. dxe5 fxe5 15. Nd2 Qb8 16. c4 c5 17. Nc3 Nc6 18. Nd5 Nb4 19. Nxb4 Qxb4 20. a3 Qa4 21. Qc2 Qe8 22. f3 Rb8 1/2-1/2

[Event "FIN-chT 0809"]
[Site "Finland"]
[Date "2009.02.15"]
[Round "7.2"]
[White "Luukkonen, Tommi"]
[Black "Martynov, Alexey"]
[Result "0-1"]
[WhiteElo "2287"]
[BlackElo "2326"]
[PlyCount "90"]
[EventDate "2008.09.06"]
[EventType "team-tourn"]
[EventRounds "9"]
[EventCountry "FIN"]
[SourceTitle "EXT 2022"]
[Source "ChessBase"]
[SourceDate "2021.10.06"]
[SourceVersion "1"]
[SourceVersionDate "2021.10.06"]
[SourceQuality "1"]
[WhiteTeam "Jyvaskyla JyS"]
[BlackTeam "Vammala SK"]
[WhiteTeamCountry "FIN"]
[BlackTeamCountry "FIN"]

1. e4 e5 2. Nf3 Nc6 3. Bb5 a6 4. Ba4 Nf6 5. Qe2 Be7 6. c3 d6 7. d4 b5 8. Bb3 0-0 9. a4 Bg4 10. d5 Na5 11. Bc2 c6 12. dxc6 Qb6 13. Na3 Nxc6 14. 0-0 Qb7 15. h3 Be6 16. b4 d5 17. Ng5 d4 18. axb5 axb5 19. f4 dxc3 20. fxe5 Nxe5 21. Bf4 Nfd7 22. Qh5 Bxg5 23. Bxg5 Ra6 24. Bc1 Rfa8 25. Kh2 Qb8 26. Kh1 Qf8 27. Rd1 f6 28. Qe2 Nc4 29. e5 Nxa3 30. Rd6 Nxe5 31. Rxa6 Rxa6 32. Qe4 g6 33. Rxa3 Rxa3 34. Bxa3 Qd8 35. Bc1 Qd5 36. Qh4 Nd7 37. Be3 Qc6 38. Qg3 Kf7 39. Bd4 Bd5 40. h4 Be4 41. Bb3+ Ke7 42. Bxc3 Bxg2+ 43. Kh2 Bd5 44. Bd1 Qc4 45. h5 Qe4 0-1

[Event "Hameenlinna We HamSK"]
[Site "Hameenlinna"]
[Date "2008.??.??"]
[Round "2"]
[White "Jarvenpaa, Jari"]
[Black "Martynov, Alexey"]
[Result "0-1"]
[WhiteElo "2078"]
[BlackElo "2325"]
[PlyCount "68"]
[EventDate "2008.??.??"]
[EventType "swiss"]
[EventRounds "5"]
[EventCountry "FIN"]
[SourceTitle "EXT 2010"]
[Source "ChessBase"]
[SourceDate "2010.11.25"]
[SourceVersion "1"]
[SourceVersionDate "2010.11.25"]
[SourceQuality "1"]

1. e4 c5 2. Nf3 e6 3. d4 cxd4 4. Nxd4 Nf6 5. Nc3 d6 6. Be2 a6 7. a4 Qc7 8. 0-0 Nbd7 9. f4 b6 10. Bf3 Bb7 11. Qe2 e5 12. Nf5 g6 13. fxe5 Nxe5 14. Bg5 Nfd7 15. Ne3 Qc5 16. Bh4 Bh6 17. Bf2 Bxe3 18. Bxe3 Qc7 19. Bh6 0-0-0 20. Nd5 Bxd5 21. exd5 Kb7 22. Qd2 Rhe8 23. b3 f5 24. a5 b5 25. c4 bxc4 26. bxc4 Ka8 27. Rac1 Nc5 28. Qc3 Rb8 29. Rb1 Rxb1 30. Rxb1 Rb8 31. Rxb8+ Qxb8 32. Kf2 Ng4+ 33. Ke2 Nxh6 34. Qg7 Ng4 0-1

[Event "Kurikka We op"]
[Site "Kurikka"]
[Date "2008.??.??"]
[Round "3"]
[White "Martynov, Alexey"]
[Black "Marjusaari, Eero"]
[Result "1-0"]
[WhiteElo "2326"]
[BlackElo "2053"]
[PlyCount "99"]
[EventDate "2008.10.??"]
[EventType "swiss"]
[EventRounds "5"]
[EventCountry "FIN"]
[SourceTitle "CBM 127 Extra"]
[Source "ChessBase"]
[SourceDate "2009.01.08"]
[SourceVersion "2"]
[SourceVersionDate "2009.01.28"]
[SourceQuality "1"]

1. e4 c5 2. Nc3 Nc6 3. f4 g6 4. Nf3 Bg7 5. Bc4 e6 6. 0-0 Nge7 7. e5 d6 8. exd6 Nf5 9. Bb5 Qxd6 10. d3 0-0 11. Ne4 Qc7 12. Bxc6 Qxc6 13. Qe1 Nd4 14. Qf2 Nxf3+ 15. Qxf3 Bd7 16. Rb1 c4 17. Bd2 Qb6+ 18. Be3 Qc7 19. Qf2 b6 20. Bd4 f6 21. Qh4 Qd8 22. Bc3 f5 23. Ng5 h6 24. Nf3 Qxh4 25. Nxh4 Bxc3 26. bxc3 Kg7 27. Nf3 Ba4 28. Rf2 Rad8 29. Rb4 b5 30. Nd4 Rfe8 31. dxc4 a5 32. Rb1 bxc4 33. Re2 Rd6 34. Re5 Rxd4 35. cxd4 Bxc2 36. Rb6 Kf7 37. Rxa5 Be4 38. Rb4 Bd5 39. Rc5 g5 40. fxg5 hxg5 41. a4 f4 42. a5 Ra8 43. Rb6 g4 44. a6 f3 45. Rc7+ Kg6 46. a7 Re8 47. gxf3 gxf3 48. Kf2 Rh8 49. Kg3 Rh5 50. Rxe6+ 1-0

[Event "Jarvenpaa We JarvSK"]
[Site "Jarvenpaa"]
[Date "2007.??.??"]
[Round "2"]
[White "Martynov, Alexey"]
[Black "Niemi, Mikko"]
[Result "0-1"]
[WhiteElo "2325"]
[BlackElo "2153"]
[PlyCount "140"]
[EventDate "2007.??.??"]
[EventType "swiss"]
[EventRounds "5"]
[EventCountry "FIN"]
[SourceTitle "EXT 2022"]
[Source "ChessBase"]
[SourceDate "2021.10.06"]
[SourceVersion "1"]
[SourceVersionDate "2021.10.06"]
[SourceQuality "1"]

1. c4 g6 2. Nf3 Bg7 3. Nc3 e5 4. d3 d6 5. Qc2 f5 6. Bg5 Nf6 7. Nd5 0-0 8. e3 Be6 9. Be2 Nbd7 10. d4 h6 11. dxe5 dxe5 12. Bxf6 Nxf6 13. Rd1 Nxd5 14. cxd5 Bf7 15. e4 f4 16. h3 g5 17. Nh2 Qd6 18. 0-0 Rac8 19. Bg4 Rce8 20. Rc1 Re7 21. Rfd1 h5 22. Bf5 Bg6 23. Bxg6 Qxg6 24. f3 Rc8 25. Rd3 Rd7 26. Rb3 b6 27. Rc3 Bf8 28. Qa4 Qe8 29. Rc6 Bc5+ 30. Kh1 a5 31. a3 Rd6 32. b4 axb4 33. axb4 Rxc6 34. dxc6 Bd4 35. Nf1 Ra8 36. Qd1 Qe6 37. Kh2 Kf7 38. Qd3 g4 39. g3 gxf3 40. Rc2 Ra2 41. gxf4 exf4 42. e5 Rxc2+ 43. Qxc2 Qxe5 44. Qh7+ Ke6 45. Qd7+ Kf6 46. Kh1 Qd6 47. Qh7 Ke6 48. Nd2 Be3 49. Qe4+ Qe5 50. Qg6+ Kd5 51. Nxf3 Qe4 52. Qxh5+ Kxc6 53. b5+ Kb7 54. Qg4 Qb1+ 55. Kh2 Qxb5 56. h4 Qe2+ 57. Kh3 Qf1+ 58. Kh2 Qf2+ 59. Kh3 b5 60. h5 Qg3+ 61. Qxg3 fxg3 62. Kxg3 b4 63. Ne5 b3 64. Nc4 Ka6 65. Kf3 Bh6 66. Ke4 Kb5 67. Kd5 Kb4 68. Nb2 Bg7 69. Nd3+ Kb5 70. Ne5 Bxe5 0-1

[Event "RUS-ch Schools"]
[Site "Novokuznetsk"]
[Date "2001.??.??"]
[Round "9"]
[White "Martynov, Alexey"]
[Black "Trofimova, Antonina"]
[Result "1/2-1/2"]
[WhiteElo "2325"]
[BlackElo "2244"]
[PlyCount "75"]
[EventDate "2001.10.??"]
[EventType "swiss"]
[EventRounds "9"]
[EventCountry "RUS"]
[SourceTitle "CBM 085 Extra"]
[Source "ChessBase"]
[SourceDate "2002.01.21"]
[SourceVersion "1"]
[SourceVersionDate "2002.01.21"]
[SourceQuality "1"]

1. e4 c5 2. Nc3 Nc6 3. g3 g6 4. Bg2 Bg7 5. d3 d6 6. Be3 e6 7. Nge2 Nd4 8. 0-0 Ne7 9. f4 0-0 10. Qd2 d5 11. Nd1 Nxe2+ 12. Qxe2 d4 13. Bd2 Rb8 14. Nf2 f5 15. e5 Nd5 16. c4 dxc3 17. bxc3 b6 18. Rfd1 Bb7 19. c4 Ne7 20. Be3 Bxg2 21. Kxg2 Nc6 22. Qb2 Rf7 23. d4 cxd4 24. Bxd4 Rd7 25. Be3 Bf8 26. Rxd7 Qxd7 27. Rd1 Qb7 28. Kg1 Rd8 29. Rxd8 Nxd8 30. Qe2 Qc6 31. Nd1 Nb7 32. Nc3 Na5 33. Nb5 Nxc4 34. Nd4 Qd5 35. Nb3 Nxe3 36. Qxe3 Bc5 37. Nxc5 bxc5 38. Qa3 1/2-1/2